Assessing information security : (Record no. 54384)

MARC details
000 -LEADER
fixed length control field 01018nam a22002777a 4500
005 - DATE AND TIME OF LATEST TRANSACTION
control field 20110726114935.0
008 - FIXED-LENGTH DATA ELEMENTS--GENERAL INFORMATION
fixed length control field 110726t xxu||||| |||| 00| 0 eng d
010 ## - LCCN (DPL NO)
LC control number ENG-103137
020 ## - INTERNATIONAL STANDARD BOOK NUMBER
International Standard Book Number 9788183334525
Terms of availability 270.00
035 ## - SYSTEM CONTROL NUMBER
System control number EN-86670
037 ## - SOURCE OF ACQUISITION
Source of stock number/acquisition DBAD / PUB
040 ## - CATALOGING SOURCE
Original cataloging agency dpl
Language of cataloging English
082 ## - DEWEY DECIMAL CLASSIFICATION NUMBER
Classification number 005.8
100 ## - MAIN ENTRY--PERSONAL NAME
9 (RLIN) 29868
Personal name Vladimirov, A.
245 ## - TITLE STATEMENT
Title Assessing information security :
Statement of responsibility, etc by A. Vladimirov, K. Gavrilenko [and] A. Michajlowski
Remainder of title strategies, tactics, logic and framework /
260 ## - PUBLICATION, DISTRIBUTION, ETC. (IMPRINT)
Place of publication, distribution, etc New Delhi
Name of publisher, distributor, etc BPB Publications
Date of publication, distribution, etc 2011
270 ## - ADDRESS
Address B-14, Connaught Place
City New Delhi
Postal code 110001
300 ## - PHYSICAL DESCRIPTION
Extent x,398p.
Dimensions 22cm (pbk)
500 ## - GENERAL NOTE
General note Includes bibliographical references
650 ## - SUBJECT ADDED ENTRY--TOPICAL TERM
9 (RLIN) 29869
651 ## - SUBJECT ADDED ENTRY--GEOGRAPHIC NAME
9 (RLIN) 1549
700 ## - ADDED ENTRY--PERSONAL NAME
9 (RLIN) 29871
Personal name Gavrilenko, K.
700 ## - ADDED ENTRY--PERSONAL NAME
Personal name Michajlowski, A.
9 (RLIN) 30095
942 ## - ADDED ENTRY ELEMENTS (KOHA)
Source of classification or shelving scheme Dewey Decimal Classification
Item type English Books
Classification part 005.8
Call number suffix VLA
Holdings
Withdrawn status Lost status Source of classification or shelving scheme Damaged status Not for loan Collection code Home library Current library Date acquired Source of acquisition Cost, normal purchase price Total Checkouts Full call number Barcode Date last seen Copy number Cost, replacement price Koha item type
    Dewey Decimal Classification   Not For Loan Non-fiction D.B.Act.Division D.B.Act.Division 26/07/2011 DBAD/PUB 270.00   005.8 VLA EN-86670 26/07/2011 1 270.00 English Books

© Delhi Public Library
Hit Counter
free hit counter